[Event "American Continental 18th"]
[Site "Medellin"]
[Date "2024.05.25"]
[Round "3"]
[White "Garcia Lopez, Juan Gilberto"]
[Black "Iral Castro, Brahiam"]
[Result "0-1"]
[WhiteElo "1674"]
[BlackElo "1914"]
[PlyCount "64"]
[EventDate "2024.05.24"]
[EventType "swiss"]
[EventRounds "11"]
[EventCountry "COL"]
[SourceTitle "CBM 220 Extra"]
[Source "ChessBase"]
[SourceDate "2024.07.31"]
[SourceVersion "1"]
[SourceVersionDate "2024.07.31"]
[SourceQuality "1"]

1. Nf3 Nf6 2. c4 c5 3. g3 g6 4. Bg2 Bg7 5. Nc3 Nc6 6. b3 d5 7. cxd5 Nxd5 8. Bb2 0-0 9. a3 Nxc3 10. Bxc3 Bxc3 11. dxc3 Qb6 12. Qc2 Be6 13. b4 cxb4 14. cxb4 Rac8 15. Qb2 Bc4 16. 0-0 a5 17. Rfc1 Qb5 18. a4 Qxb4 19. Qc2 Ba6 20. Rab1 Qg4 21. h3 Qe6 22. Ng5 Qe5 23. Nf3 Qf6 24. Nd2 Nd4 25. Qxc8 Nxe2+ 26. Kh2 Rxc8 27. Rxc8+ Kg7 28. Ne4 Qd4 29. Rc7 f5 30. Nc5 Qxf2 31. Rxe7+ Kh6 32. g4 Qxc5 0-1